000 00501cam a2200205ua 4500
001 8413
008 150129n ii |||gr||||Z||||||eng
020 _a9788176257732
040 _cMAIN
041 _aeng
082 _a420
100 _aNaik, N. S.,
_eAuthor.
245 1 _aTeaching english language through literature
_cBy N. S. Naik
250 _a1st.
260 _aNew Delhi:
_bSarup,
_c2011.
300 _a119p.
653 _aEnglish & Old English
653 _aEnglish language
942 _cBK
999 _c7522
_d7522